000 00654nam a2200253Ia 4500
003 OSt
005 20221007082428.0
006 a|||||r|||| 00| 0
007 ta
008 221006b |||||||| |||| 00| 0 eng d
024 _a25,522
037 _cTextual
040 _aFLL
_cFLL
_beng
041 _2eng
_aeng
082 _aV2:91sN78, L8
100 _aH O P
_9699083
110 _aElection Commission of India
_9557202
245 0 _aBye-elections brochure
260 _c1978
300 _aix,91p
_ccm.
700 _aElection Commission of India
_9557203
942 _hV2:91sN78, L8
_cTEXL
_2CC
999 _c1166394
_d1166394